000 00380nam a22001457a 4500
008 230620b xxu||||| |||| 00| 0 eng d
020 _a998766606X
082 _a307.14
_bEAC
100 _cEAC
110 _bEAC
_cArusha
_d2001
245 _aThe East African Community Development Strategy 2001-2005
260 _aArusha
_bEAC Secretariat
_c2001
300 _a68p
942 _2ddc
_cBK
999 _c1480
_d1480